Most expensive football transfers - Defensive Midfielders - 2023-2024 - Statistics

General Stats
  • This quiz has been taken 33 times
  • The average score is 9 of 10
Answer Stats
Fee (M €) Nationality Left Joined Player % Correct
116,60 England West Ham Arsenal Declan Rice
100%
46,70 Brazil Liverpool Al-Ittihad Fabinho
100%
116,00 Ecuador Brighton Chelsea Moisés Caicedo
100%
55,00 Portugal Wolverhampton Al-Hilal Rúben Neves
100%
64,00 Italy AC Milan Newcastle Sandro Tonali
96%
62,10 Belgium Southampton Chelsea Roméo Lavia
93%
60,00 Uruguay Sporting CP Paris SG Manuel Ugarte
89%
38,00 Mexico Ajax West Ham Edson Álvarez
81%
35,00 Ivory Coast PSV Nottingham Forest Ibrahim Sangaré
56%
36,40 Italy Sassuolo Juventus Manuel Locatelli
44%
No matching quizzes found
Score Distribution
Percent of People with Each Score
Percentile by Number Answered
Your Score History
You have not taken this quiz